Statistics for Random Chinese Words to English

Click here to take the quiz!

General Stats

  • This quiz has been taken 1,790 times
  • The average score is 13 of 15

Answer Stats

Chinese CharactersAnswer% Correct
Three
97%
Two
97%
Four
93%
Human
93%
Ten
92%
You
92%
Me
91%
Water
89%
Good
88%
Female
84%
Fire
84%
Male
77%
Horse
67%
Wood
67%
Gold
63%

Score Distribution

Percentile by Number Answered

Percent of People with Each Score

Your Score History

You have not taken this quiz